01551naa a2200217 a 450000100080000000500110000800800410001902200140006010000180007424501400009226000090023252008020024165300150104365300290105865300220108770000220110970000190113170000170115070000160116777301500118311206922014-04-25 2013 bl uuuu u00u1 u #d a2236-79341 aSANTOS, K. L. aCaracteriza????o das comunidades locais do uso e manejo da agrobiodiversidade do Planalto Sul de Santa Catarina.h[electronic resource] c2013 aNa regi??o do Planalto Sul de Santa Catarina, as popula????es rurais encontram-se entre as mais pobres do estado. Entretanto, existem ind??cios de que mantem uma alta diversidade de recursos gen??ticos. Neste sentido, objetivou-se identificar os agricultores que mant??m, usam ou manejam variedades crioulas ou frut??feras antigas e/ou det??m conhecimento sobre a biologia e manejo destas. Entrevistas foram baseadas em uma lista de quest??es e t??picos, buscaram levantar informa????es sobre o hist??rico e potencial de uso, procedimentos de manejo e os crit??rios mais relevantes na sele????o de plantas no entendimento da popula????o local. Um total de 38 unidades familiares foram visitadas e 97 etnoesp??cies citadas, indicando a grande diversidade e conhecimento mantidas dessas comunidades. aAgricultor aConhecimento tradicional aFrut??fera nativa1 aJASTROMBEK, J. M.1 aZANATTA, J. C.1 aCOSTA, M. D.1 aRECH, T. D. tIn: CONGRESSO BRASILEIRO DE AGROECOLOGIA, 8., 2013, Porto Alegre. Resumos... Porto Alegre: Associa????o Brasileira de Agroecologia, 2013. p. 1-6.